书目信息 |
| 题名: |
但丁的女人
|
|
| 作者: | 卡米雷利 著 ;昭冰 译 | |
| 分册: | ||
| 出版信息: | 北京 中国友谊出版公司 2018 |
|
| 页数: | 260页 | |
| 开本: | 21cm | |
| 丛书名: | ||
| 单 册: | ||
| 中图分类: | I546.45 | |
| 科图分类: | ||
| 主题词: | 长篇小说--chang pian xiao shuo--意大利--现代 | |
| 电子资源: | ||
| ISBN: | 978-7-5057-4413-4 | |
| 000 | 01126nam0 2200265 450 | |
| 001 | 012001009672 | |
| 005 | 20140103110052.0 | |
| 010 | @a978-7-5057-4413-4@dCNY39.80 | |
| 099 | @aCAL 012018141260 | |
| 100 | @a20181107d2018 em y0chiy50 ea | |
| 101 | 1 | @achi@cita |
| 102 | @aCN@b110000 | |
| 105 | @ay z 000ay | |
| 106 | @ar | |
| 200 | 1 | @a但丁的女人@Adan ding de nv ren@d= Donne@f(意) 安德烈亚·卡米雷利著@g昭冰译@zita |
| 210 | @a北京@c中国友谊出版公司@d2018 | |
| 215 | @a260页@d21cm | |
| 330 | @a本书写了39个女人,她们几乎涵盖了女人的所有类型:但丁的初恋情人、古埃及王后、圣女贞德、卡门,失忆女孩、外祖母、初恋少女、女大学生等,对作者来说,她们有的是与他交往过的,有的是他在书中读到的,有的是他听说的,有的是他想象的,她们都在作者的生命中留下了深刻的印记。在作者眼里,她们都是诱人的谜,美丽的诗,都是“但丁的女人”。 | |
| 500 | 10 | @aDonne@mChinese |
| 606 | 0 | @a长篇小说@Achang pian xiao shuo@y意大利@z现代 |
| 690 | @aI546.45@v5 | |
| 701 | 1 | @a卡米雷利@Aka mi lei li@g(Camilleri, Andrea),@f1925-@4著 |
| 702 | 0 | @a昭冰@AZhao Bing@4译 |
| 801 | 0 | @aCN@b上海新华@c20191020 |
| 905 | @b1189078-80@dI546.45@e101@f3 | |
| 但丁的女人= Donne/(意) 安德烈亚·卡米雷利著/昭冰译.-北京:中国友谊出版公司,2018 |
| 260页;21cm |
| ISBN 978-7-5057-4413-4:CNY39.80 |
| 本书写了39个女人,她们几乎涵盖了女人的所有类型:但丁的初恋情人、古埃及王后、圣女贞德、卡门,失忆女孩、外祖母、初恋少女、女大学生等,对作者来说,她们有的是与他交往过的,有的是他在书中读到的,有的是他听说的,有的是他想象的,她们都在作者的生命中留下了深刻的印记。在作者眼里,她们都是诱人的谜,美丽的诗,都是“但丁的女人”。 |
| ● |
| 相关链接 |
|
|
|
|
正题名:但丁的女人
索取号:I546.45/101
 
预约/预借
| 序号 | 登录号 | 条形码 | 馆藏地/架位号 | 状态 | 备注 |
| 1 | 1189078 | 211890783 | 第一样本阅览室/ [索取号:I546.45/101] | 在馆 | |
| 2 | 1189079 | 211890792 | 第二借阅区/ [索取号:I546.45/101] | 在馆 | |
| 3 | 1189080 | 211890809 | 第二借阅区/ [索取号:I546.45/101] | 在馆 |